AP Classes quiz - Statistics

General Stats
  • This quiz has been taken 135 times
    134 since last reset
  • The average score is 20 of 36
Answer Stats
Answer % Correct
Physics
88%
Chemistry
85%
Biology
82%
Calculus AB
80%
US History
80%
Calculus BC
79%
World History
77%
French
64%
Statistics
63%
Human Geography
60%
English Language
59%
English Literature
59%
Psychology
59%
Precalculus
56%
Spanish Language
56%
Chinese
54%
European History
53%
German
52%
Macroeconomics
52%
Japanese
51%
Computer Science Principles
50%
Microeconomics
49%
Music Theory
49%
US Gov
49%
Italian
48%
Seminar
48%
Spanish Literature
47%
Art History
44%
Latin
43%
Computer Science A
42%
Research
40%
3D Art
32%
Comparative Government
31%
2D Art
30%
African American
30%
Drawing
28%
No matching quizzes found
Score Distribution
Percent of People with Each Score
Percentile by Number Answered
Your Score History
You have not taken this quiz since the last reset